=LDR 00000nam 2200000 4500 =001 INLIS000000000001728 =005 20130612090126 =008 ***********************************Ind** =035 ##$$0010-061300000001728 =041 ##$$a Ind =082 ##$$a 500 =090 ##$$a 500, Sum s =245 ##$$a Sumber ilmu pengetahuan alam =260 ##$$a 1986 $b Jakarta =300 ##$$a xii, 229 hlm, ilus, 21 cm =650 ##$$a Sains =850 ##$$a NBPNMAT